New Aspects of Quantity Surveying practice (Record no. 4529)

MARC details
000 -LEADER
fixed length control field 00423nam a22001577a 4500
008 - FIXED-LENGTH DATA ELEMENTS--GENERAL INFORMATION
fixed length control field 260210b |||||||| |||| 00| 0 eng d
020 ## - INTERNATIONAL STANDARD BOOK NUMBER
ISBN 9781032275956
100 ## - MAIN ENTRY--AUTHOR
Author Cartlidge, Ducan
245 ## - TITLE STATEMENT
Title New Aspects of Quantity Surveying practice
260 ## - PUBLICATION, DISTRIBUTION, ETC. (IMPRINT)
Place of publication London
Name of publisher Routledge Publishing
Date of publication 2023
300 ## - COLLATION
Pagination xix,226p.
Other physical details illus
650 ## - TRACINGS
Main Subject Quantity Surveying
942 ## - ADDED ENTRY ELEMENTS (KOHA)
Item type Books
050 ## - LIBRARY OF CONGRESS CALL NUMBER
Classification number TH435
Item number .C37
Holdings
Source of classification or shelving scheme Not for loan Permanent location Current location Date acquired Accession No. Full call number Barcode. Copy number Koha item type
Library of Congress Classification   Samuel Ogbemudia Main Library, University of Abuja Samuel Ogbemudia Main Library, University of Abuja 02/10/2026 2024/62469-70 TH435 .C37 2026-0017 2 Books